Văn học Việt Nam nữa cuối thế kỷ XVIII nữa đầu thế kỷ XIX

Tallennettuna:
Bibliografiset tiedot
Aineistotyyppi: Kirja
Tagit: Lisää tagi
Ei tageja, Lisää ensimmäinen tagi!
Thư viện lưu trữ: Mạng thư viện Đại học Đà Nẵng
LEADER 00486nam a2200181 4500
001 000003941
003 69
005 20150812140850.0
008 110713s sd
245 0 0 |a Văn học Việt Nam nữa cuối thế kỷ XVIII nữa đầu thế kỷ XIX 
OWN |a LSP 
999 |a From the UDN01 
TYP |a Monograph 
TYP |a Printed language 
980 |a Mạng thư viện Đại học Đà Nẵng